000 01105naa a2200253 4500
005 20110810145620.0
008 110810t xxu||||| |||| 00| 0 eng d
010 _aENG-103371
020 _c675.00
_a9788184246902
035 _aEN-86904
037 _bDBAD/PUB
040 _aDPL
_bEng
082 _a631.5954
100 _932587
_aCharyulu, D.Kumara
245 1 _aOrganic input production and marketing in India :
_cby D.kumara Charyulu [and] Subho Biswas
_befficiency, issues and policies /
260 _aNew Delhi
_bAllied Publishers
_c2011
270 _a1/13-14, Asaf Ali Road,
_bNew Delhi
_e110002
_k011-23239001
_mdelhi.books@alliedpublishers.com
300 _axix,252p. :
_c24cm (Hb)
_bill.
500 _aIncludes bibliographical references
700 _933256
_aBiswas, Subho
942 _adpl
_cEN
_2ddc
_mCHA
_h631.5954
999 _c55817
_d55817